MDQL
is popping MORE tags! Check the
thread
!
Quizzes
Events
Quiz Creation
Community
Videos
Private Events
Remove Ads
Sign In
Join for FREE
Feedback
Dark Mode
Quiz Categories
Sports
Geography
Music
Movies
Television
Just For Fun
Miscellaneous
History
Literature
Language
Science
Gaming
Entertainment
Religion
Holiday
For Kids
Quiz Lab
Recent
Popular Today
Quiz Kudos Today
Editor Picks
Curator Picks
Quizzes by...
Day
Popularity
Type
Ratings
Length
Year
Community
Subscriptions
Recent Discussions
Orange Saloon
Badges
Playlists
Quests
Create
Leaderboards
Showdown
Live 5
Trivia Bingo
Activity
Puzzle Library
Sporcle Events
Private Events
Virtual Trivia
Globe League
Become a Host
Pub Owners
SporcleCon
Opinionation
Our Games
Videos
Blog
Mobile Apps
Partnerships
Remove Ads and Go Orange
Feedback
Television
TV Characters
TV Show
Sitcom
Network
Friends
Reality Shows
Cast
South Park
Star Trek
The Simpsons
Doctor Who
Television
TV Characters
TV Show
Sitcom
Network
Friends
Reality Shows
Cast
South Park
Star Trek
The Simpsons
Doctor Who
Random Quiz
Search Sporcle
×
Quiz Lab
Quiz Lab
Television
TV Characters
Type in answers that appear in a list
Type in answers that appear in a list
Classic
Best Score? Go Orange.
Glee, American Horror Story or Scream Queens? Stats
Type G if the character appears in Glee, Type A for American Horror Story or S for Scream Queens
By
midnight_dreary
10m
30 Questions
973 Plays
973 Plays
973 Plays
Comments
Comments
Give Quiz Kudos
Give Quiz Kudos
-
- Ratings
hide this ad
Forced Order
Answers have to be entered in order
Answers have to be entered in order
Wrong Answers
Some wrong answers will appear in red
Some wrong answers will appear in red
Replay
Link that replays current quiz
Next Quiz
Link to next quiz in quiz playlist
You Got
0%
They Got
Avg Score
67%
Avg Friend Score
Upgrade to see
Score Distribution
Jump to the score distribution portion of the page
Score
0/30
Timer
10:00
0
Plays Today
Character
Show
% Correct
Santana Lopez
???
90.8%
Blaine Anderson
???
86.5%
Dave Karofsky
???
82.4%
Will Schuester
???
81.7%
Mercedes Jones
???
79.3%
Elsa Mars
???
76.9%
Ryder Lynn
???
75.4%
Shannon Beiste
???
75.4%
Marley Rose
???
75%
Dr. Oliver Thredson
???
74.2%
Violet Harmon
???
73%
Tate Langdon
???
69.9%
James March
???
69.7%
Myrtle Snow
???
68.9%
Lana Winters
???
67.1%
Character
Show
% Correct
Cassandra July
???
66.7%
Madison Montgomery
???
66.5%
Denise Hemphill
???
66.4%
Hester Ulrich
???
66%
Marie Laveau
???
64.9%
Cathy Munsch
???
64.4%
Pete Martinez
???
62.9%
Grace Gardner
???
62.1%
Dr. Cassidy Cascade
???
60.9%
Will Drake
???
58.2%
Chad Radwell
???
53.6%
Earl Grey
???
52.8%
Ingrid Hoffel
???
51%
Audrey Tindall
???
50.8%
Chester Creb
???
41.3%
Quiz Playlist
Details
Report
Send in Message
Add To Playlist
Classic:
Type in answers that appear in a list
Forced Order:
Answers have to be entered in order
Wrong Answers:
Some wrong answers will appear in red
Last Updated: Sep 11, 2017
Quiz Scoreboard
CHALLENGE
Sign Up to Join the Scoreboard
Show All
Scores
Hide
Comments
May contain spoilers
Recently Published
1-10 Letter E Words III
by El_Dandy
Language
2m
Street Fighter Characters
by Artimus82
Gaming
60s
College Basketball Coaching Resumes
by pancakes188
Sports
9m
More to Explore
Quiz From the Vault
Featured Blog Post
Where Did the Easter Bunny Come From?
hide this ad
You Might Also Like...
Tags
This or That Quiz
TV Characters Quiz
American Horror Story
Glee
Today's Top Quizzes in Television
Browse Television
hide this ad
Today's Top Quizzes in TV Characters
Browse TV Characters
Top Contributed Quizzes in Television
1
Survivor Journey Challenge
2
Adjectives in 80s TV Shows
3
Adjectives in 00s TV Shows
4
5-to-1: The Simpsons Families
5
Adjectives in 10s TV Shows
6
5-to-1: Television Doctors
7
7-to-1: TV Show Settings
8
Adjectives in 70s TV Shows
9
5-to-1: Streaming Originals
10
Survivor Seasons
Explore More
Trending Topics
Crossword
NBA
Disney
Anime
Kpop
Harry Potter
Marvel
Pokémon
Soccer
The Office
WWE
Song
Country
Puzzle
NFL
hide this ad
More By:
midnight_dreary
Quiz
Plays
Rating
Category
Featured
Created
Katy Perry or Taylor Swift?
52,900
4.37
Music
Nov 12, 2014
War Movies by Poster
34,062
4.63
Movies
Oct 22, 2019
100 TV Shows From The 2010s
32,834
4.29
Television
Jan 15, 2019
'Girl' and 'Boy' Movies
30,857
4.56
Movies
Apr 1, 2017
30 School Movies
30,448
4.35
Movies
Feb 4, 2017
Go to Creator's Profile
Score Distribution
Quiz Creator Spotlight
midnight_dreary
Follow
Send a Message
Quizzes Created
-
Created Quiz Play Count
-
More By This Creator
Popular Quizzes Today
1
Find the US States - No Outlines Minefield
2
Find the Countries of Europe - No Outlines Minefield
3
Find the US States
4
The Countries of the World
5
Risky Map Clicking: Biggest States A-Z
6
US States
7
Popular People in 1961
8
Movies - When Are They Set?
More Television Quizzes
Follow That Line: Falcon & Winter Soldier (Ep. 1-2)
Curator's Pick
Trending Quizzes
Risky Map Clicking: Least Populous States A-Z
1-10 Letter G Words
Countries of the World: 200 Million BC
1-10 Letter F Words
Risky Map Clicking: Next State Alphabetically
Recently Updated
Largest US Cities 1790-2010
pecheneg
Rides in Walt Disney World
pecheneg
Most Oscar Losses (Acting)
pecheneg
Beyoncé Albums
pecheneg
Leaping Animals
pecheneg
Reality TV Shows (A-Z)
bhenderson79
Rickey Henderson's Hall of Fame Teammates
pecheneg
Champions League XIs: Arsenal
pecheneg
Quick Pick: Celebrities in WWE's Hall of Fame
aduchscher
A-Z Keypad Blitz II
pecheneg
Trending Topics
Crossword
Kpop
Anime
Marvel
Harry Potter
NBA
Disney
Puzzle
WWE
The Office
Pokémon
Country
Soccer
Song
NFL
Your Account Isn't Verified!
In order to create a playlist on Sporcle, you need to verify the email address you used during registration. Go to your
Sporcle Settings
to finish the process.
Report this User
Report this user for behavior that violates our
Community Guidelines
.
Details:
Send Report
Go to the Sporcle.com Mobile Site →
Comments